000 00710nam a2200229 i 4500
001 18037
003 ES-MaACL
005 20230906151738.0
007 t|
008 010730s2000 sp |||| | spa j
020 _a84-8191-326-X
080 _a821.134.2(72)-14"19"
100 1 _aQuirarte, Vicente.
_994758
245 1 0 _aComo a veces la vida /
_cVicente Quirarte ; prólogo de Darío Jaramillo Agudelo.
260 _aValencia :
_bPre-Textos,
_c2000.
300 _a216 p. ;
_c17 cm.
490 1 _aLa cruz del sur. Antologías ;
_v468
700 1 _aJaramillo Agudelo, Darío.
_966102
830 0 _aLa cruz del sur. Antologías ;
_v468
_9228730
852 _aES-MaACL
_jL-24744
999 _c18037
_d18037